Loading...
Meghadutam/
| Main Author: | |
|---|---|
| Format: | Printed Book |
| Published: |
New Delhi:
Bharatiya Book Corporation,
1998.
|
| Subjects: |
| LEADER | 00546nam a22001571a 4500 | ||
|---|---|---|---|
| 082 | |a S103 2 |b KAL/M | ||
| 100 | |a Kalidasa |9 131452 | ||
| 245 | |a Meghadutam/ |c by Kalidasa. | ||
| 260 | |a New Delhi: |b Bharatiya Book Corporation, |c 1998. | ||
| 300 | |a 84+100+118p. | ||
| 650 | |a Poetry Epic Sanskrit |9 131453 | ||
| 650 | |a Literature Sanskrit |9 131454 | ||
| 650 | |a Literature |9 131455 | ||
| 942 | |c BK | ||
| 999 | |c 28583 |d 28583 | ||
| 952 | |0 0 |1 0 |4 0 |6 S_103_200000000000000_KAL_M |7 0 |9 41208 |a SSUS |b SSUS |d 2015-01-08 |g 150.00 |o S103 2 KAL/M |p 013005 |r 2015-01-08 |v 0.00 |w 2015-01-08 |y BK | ||